[Event "betofortaleza"]
[Site "http://www.queenalice.com/game.php?id=1220007"]
[Date "2013.9.26"]
[Round "-"]
[White "GiovaniB10"]
[Black "leandroviana88"]
[Result "0-1"]
[WhiteElo "1467"]
[BlackElo "1837"]

1. e4 c5 2. Nf3 d6 3. d4 cxd4 4. Nxd4 Nc6 5. Bb5 Bd7 6. a4 Nxd4 7. Qxd4 Qa5+ 8.
Bd2 Qb6 9. c3 Bxb5 10. axb5 Qxb5 11. Rxa7 Rxa7 12. Qxa7 Nf6 13. Na3 Qb3 14. Qb8+
Kd7 15. e5 dxe5 16. Qxe5 e6 17. Qd4+ Qd5 18. O-O Bc5 19. Qa4+ Qc6 20. Qd1 Ke7
21. b4 Ra8 22. Nc2 Bb6 23. Nd4 Bxd4 24. cxd4 Qc4 25. Be1 Ra2 26. f3 Nd5 27. Rf2
Rxf2 28. Kxf2 Nxb4 29. Bxb4+ Qxb4 30. Qd3 h6 31. Qe4 Qb2+ 32. Kg3 Qb5 33. Qh7
Qg5+ 34. Kf2 Qd2+ 35. Kg3 Qxd4 36. h4 b5 37. Qe4 Qxe4 38. fxe4 b4 0-1

[Event "always good"]
[Site "http://www.queenalice.com/game.php?id=1220254"]
[Date "2013.9.27"]
[Round "-"]
[White "leandroviana88"]
[Black "JamesBrown"]
[Result "1-0"]
[WhiteElo "1500"]
[BlackElo "1513"]

1. g3 e5 2. Bg2 Nf6 3. Nf3 d5 4. Nxe5 Ne4 5. Bxe4 dxe4 6. Nc3 Qd4 7. f4 Bc5 8.
e3 Qb4 9. Nd5 O-O 10. Nxb4 Bxb4 11. c3 Bc5 12. Qc2 Bf5 13. g4 Be6 14. Qxe4 c6
15. O-O Bd5 16. Qc2 f6 17. c4 Be6 18. f5 fxe5 19. fxe6 Rxf1+ 20. Kxf1 Na6 21.
Qd3 Nc7 22. Qd7 Rf8+ 23. Kg2 Ne8 24. e7 Kf7 25. exf8=Q+ Kxf8 26. Qf5+ Nf6 27. g5
Ke7 28. Qxe5+ Kf7 29. gxf6 gxf6 30. Qxc5 a6 31. Qb6 h5 32. Qxb7+ Kg6 33. Qxc6 h4
34. c5 Kg5 35. b3 f5 36. Bb2 Kg4 37. h3+ Kg5 38. Rg1 Kh5 39. Kh2 a5 40. Qg6# 1-0

[Event "Game 650"]
[Site "http://www.queenalice.com/game.php?id=1221193"]
[Date "2013.9.30"]
[Round "-"]
[White "ClivetheBeard"]
[Black "leandroviana88"]
[Result "1/2-1/2"]
[WhiteElo "2324"]
[BlackElo "1839"]

1. e4 e5 2. Nc3 Nf6 3. g3 Bc5 4. Bg2 d6 5. Nf3 Nc6 6. d3 a6 7. Be3 O-O 8. Qd2
Be6 9. h3 Bxe3 10. fxe3 b5 11. Nh4 Qd7 12. Qf2 b4 13. Nd5 Bxd5 14. exd5 Ne7 15.
a3 a5 16. O-O Rae8 17. axb4 axb4 18. Ra5 Ra8 19. Rfa1 Rxa5 20. Rxa5 Rb8 21. g4
h6 22. Nf5 Nxf5 23. gxf5 b3 24. c4 Qc8 25. Be4 Ra8 26. Qd2 Qd8 27. Rxa8 Qxa8 28.
Qc3 Qa1+ 29. Kf2 Qd1 30. Qe1 Qc2+ 31. Qe2 Nxe4+ 32. dxe4 Qxe4 33. Qg4 Qc2+ 34.
Kg3 f6 35. Qg6 Kf8 36. Qh7 Kf7 37. Qg6+ Kf8 38. Qh7 Qe2 39. Qh8+ Kf7 40. Qc8
Qxe3+ 41. Kg2 Qg5+ 42. Kf3 Qf4+ 43. Kg2 Qd2+ 1/2-1/2

[Event "whitehope"]
[Site "http://www.queenalice.com/game.php?id=1221195"]
[Date "2013.9.30"]
[Round "-"]
[White "talsicht"]
[Black "leandroviana88"]
[Result "0-1"]
[WhiteElo "1100"]
[BlackElo "1804"]

1. f4 d5 2. h3 e5 3. e3 Qh4+ 4. Ke2 Bg4+ 5. Nf3 e4 6. Rg1 exf3+ 7. gxf3 Bxh3 8.
Rh1 Bxf1+ 9. Rxf1 Nc6 10. Rh1 Qf6 11. Nc3 d4 12. Ne4 Qg6 13. b3 f5 14. Rg1 Qf7
15. Ng5 Qf6 16. c3 h6 17. Nh3 O-O-O 18. e4 dxc3 19. Rb1 Nd4+ 20. Kf2 c2 21. Qe1
cxb1=Q 22. e5 Qc6 23. b4 Qxf3# 0-1

[Event "y u don play?"]
[Site "http://www.queenalice.com/game.php?id=1221463"]
[Date "2013.10.1"]
[Round "-"]
[White "leandroviana88"]
[Black "metamorph"]
[Result "1-0"]
[WhiteElo "1638"]
[BlackElo "1735"]

1. b3 e6 2. d4 Nf6 3. Nc3 c6 4. Bb2 b5 5. Nf3 a5 6. e3 Ba6 7. Bd3 b4 8. Na4 Bb5
9. O-O Na6 10. Qe2 Nc7 11. Nb6 Rb8 12. Nc4 d6 13. Nxa5 d5 14. Bxb5 Rxb5 15. Nxc6
Qa8 16. Nce5 Be7 17. c3 O-O 18. Nd7 Nxd7 19. cxb4 Rxb4 20. Rfc1 Rc8 21. Qd3 Rbb8
22. Rc2 f6 23. Rac1 Bd6 24. a3 e5 25. Qf5 Rxb3 26. Qxd7 Rd8 27. Qf5 Rxb2 28.
Rxb2 Bxa3 29. Ng5 fxg5 30. Rxc7 Bxb2 31. Qf7+ 1-0

[Event "Let's Play Chess!"]
[Site "http://www.queenalice.com/game.php?id=1221546"]
[Date "2013.10.2"]
[Round "-"]
[White "leandroviana88"]
[Black "charles31"]
[Result "1-0"]
[WhiteElo "1723"]
[BlackElo "1758"]

1. d4 d5 2. c4 dxc4 3. Nf3 h6 4. e3 Bg4 5. h3 Bh5 6. g4 Bg6 7. Ne5 Bxb1 8. Rxb1
b5 9. b3 Qd5 10. Qf3 Nf6 11. bxc4 Qxf3 12. Nxf3 bxc4 13. Bxc4 e6 14. Bd2 Bd6 15.
Bd3 Nc6 16. Bb5 Kd7 17. Rc1 a5 18. Bxc6+ Ke7 19. Bxa8 Rxa8 20. O-O Ne4 21. Rfd1
g5 22. Ne5 f6 23. Nc6+ Kd7 24. Be1 Ba3 25. Rc2 Ra6 26. Nb8+ 1-0

[Event "Fast Game"]
[Site "http://www.queenalice.com/game.php?id=1221713"]
[Date "2013.10.2"]
[Round "-"]
[White "hba111"]
[Black "leandroviana88"]
[Result "0-1"]
[WhiteElo "2807"]
[BlackElo "1500"]

1. e4 c5 2. Nf3 e6 3. d4 cxd4 4. Nxd4 Nc6 5. Nc3 Bb4 6. Nb5 Nf6 7. a3 Bxc3+ 8.
Nxc3 d5 9. exd5 exd5 10. Bd3 O-O 11. O-O h6 12. Bf4 d4 0-1

[Event "Let's Play Chess!"]
[Site "http://www.queenalice.com/game.php?id=1222083"]
[Date "2013.10.4"]
[Round "-"]
[White "sidneyjmg"]
[Black "leandroviana88"]
[Result "1-0"]
[WhiteElo "2037"]
[BlackElo "1737"]

1. e4 d5 2. exd5 Qxd5 3. Nc3 Qa5 4. d4 Nf6 5. Nf3 c6 6. Bd3 Bf5 7. O-O Na6 8.
Ne5 Bxd3 9. Qxd3 Nb4 10. Qc4 e6 11. Re1 Nxc2 12. Qb3 Bc5 13. dxc5 Nxe1 14. Qxb7
O-O 15. Nxc6 Qxc5 16. Be3 Nf3+ 17. gxf3 Qh5 18. Bf4 Rae8 19. Bd6 Qg6+ 20. Bg3
Kh8 21. Qxa7 Nd5 22. Qd4 f5 23. Ne5 Qf6 24. Nxd5 exd5 25. f4 Qe6 26. a4 Ra8 27.
b4 Rfc8 28. a5 Rc2 29. b5 Re2 30. b6 Re4 31. b7 Rb8 32. Qa7 Qe8 33. Rc1 h5 34.
Qxb8 Qxb8 35. Rc8+ Kh7 36. Rxb8 h4 37. Rh8+ Kxh8 38. b8=Q+ Kh7 39. a6 h3 40. Nf3
Ra4 41. Ng5+ Kh6 42. Qh8+ Kg6 43. Qe8+ 1-0

[Event "Challenge"]
[Site "http://www.queenalice.com/game.php?id=1222906"]
[Date "2013.10.7"]
[Round "-"]
[White "metamorph"]
[Black "leandroviana88"]
[Result "0-1"]
[WhiteElo "1574"]
[BlackElo "1788"]

1. d4 d5 2. c4 e6 3. Nc3 Nf6 4. Nf3 c6 5. e3 Nbd7 6. Bd2 Bd6 7. cxd5 exd5 8. Be2
O-O 9. O-O Ne4 10. h3 Ndf6 11. Be1 Re8 12. Rc1 Bf5 13. Qb3 Qb6 14. Qxb6 axb6 15.
a3 Bd7 16. Nd2 Nxc3 17. Rxc3 c5 18. Nf3 c4 19. Nd2 b5 20. Nb1 b4 21. axb4 Bxb4
22. Rc1 Bd6 23. Bd1 b5 24. Bc2 b4 0-1

[Event "Challenge"]
[Site "http://www.queenalice.com/game.php?id=1224254"]
[Date "2013.10.13"]
[Round "-"]
[White "leandroviana88"]
[Black "sidneyjmg"]
[Result "1-0"]
[WhiteElo "1777"]
[BlackElo "2179"]

1. d4 d5 2. c4 e6 3. Nf3 Nf6 4. Nc3 Bb4 5. Bg5 c6 6. Qb3 Qa5 7. Bxf6 dxc4 8.
Qxc4 gxf6 9. e3 Rg8 10. g3 Nd7 11. a3 Be7 12. b4 Qh5 13. Be2 Qh3 14. b5 c5 15.
dxc5 Nxc5 16. Bf1 e5 17. Bxh3 Bxh3 18. Nd5 Be6 19. Nxf6+ Bxf6 20. Qxc5 e4 21.
Nd4 Rg5 22. Qc2 Bd5 23. h4 Re5 24. O-O-O Kf8 25. g4 Kg8 26. g5 Be7 27. Kb2 Bf8
28. Rc1 a6 29. Qa4 Rb8 30. Rc3 axb5 31. Qxb5 Bg7 32. Rd1 Rbe8 33. Qb6 Bf8 34. a4
Ra8 35. a5 Bg7 36. Rg1 Bc6 37. Nxc6 bxc6 38. Kc2 Rexa5 39. Rxc6 Ra2+ 40. Kb3
Rb2+ 41. Kc4 Ra4+ 42. Kc5 Rxb6 43. Rxb6 Bf8+ 44. Kd5 Kg7 45. Rg4 Ra7 46. Kxe4
Bc5 47. Rc6 Ba3 48. Kf3 Be7 49. Rgc4 Ra5 50. Rc7 Bd6 51. Rd7 Be5 52. Ke4 Bb8 53.
Rb4 Re5+ 54. Kd4 Re8 55. Rbb7 Rf8 56. e4 Bh2 57. e5 Kg6 58. Rb6+ Kh5 59. Rh6+
Kg4 60. Rxh7 Re8 61. Rd5 Rf8 62. Ke4 Bf4 63. Rd1 Bh2 64. f3+ Kh3 65. h5 Re8 66.
f4 Kg4 67. Rxf7 Bxf4 68. Rxf4+ Kxg5 69. Rg1+ Kh6 70. Rf7 Rb8 71. Kf5 Rh8 72.
Rgg7 Kxh5 73. Rh7+ 1-0

[Event "Challenge"]
[Site "http://www.queenalice.com/game.php?id=1228360"]
[Date "2013.10.29"]
[Round "-"]
[White "sidneyjmg"]
[Black "leandroviana88"]
[Result "1-0"]
[WhiteElo "2272"]
[BlackElo "1839"]

1. e4 d5 2. exd5 Nf6 3. Bb5+ Bd7 4. Bc4 Bg4 5. Nf3 Nxd5 6. Nc3 e6 7. h3 Bh5 8.
Nxd5 exd5 9. Bb3 Be7 10. O-O Nc6 11. c3 O-O 12. d4 Qd6 13. Re1 Rfe8 14. Qd3 Na5
15. Re5 Nxb3 16. axb3 Bxf3 17. Qxf3 c6 18. Qg4 Qc7 19. Bd2 Bd6 20. Rxe8+ Rxe8
21. Rxa7 Qb6 22. Ra1 Qxb3 23. Qd7 Rf8 24. Rf1 Bb8 25. Bg5 f6 26. Qe6+ Rf7 27.
Bxf6 Qxb2 28. Be7 g6 29. Bg5 Qb6 30. Bh6 Qd8 31. Rb1 Qd7 32. Rxb7 Qxe6 33. Rxb8+
1-0

[Event "Challenge"]
[Site "http://www.queenalice.com/game.php?id=1228361"]
[Date "2013.10.29"]
[Round "-"]
[White "leandroviana88"]
[Black "sidneyjmg"]
[Result "0-1"]
[WhiteElo "1839"]
[BlackElo "2269"]

1. d4 Nf6 2. c4 e6 3. Nc3 d5 4. Bg5 Bb4 5. Nf3 dxc4 6. e4 c5 7. dxc5 Qa5 8. Bxf6
gxf6 9. Qd4 Rg8 10. Rd1 Nd7 11. Bxc4 Rxg2 12. Rd2 Bxc5 13. Qd3 a6 14. Qf1 Rg6
15. Qh3 Nf8 16. Nh4 Rh6 17. Qg3 Ng6 18. Nxg6 hxg6 19. O-O Bb6 20. Bb3 Bc7 21. f4
b5 22. Qf3 Bb7 23. Kh1 b4 24. Ne2 f5 25. Bc2 b3 26. Nc3 bxc2 27. Rxc2 fxe4 28.
Qg2 Rd8 0-1

[Event "Challenge"]
[Site "http://www.queenalice.com/game.php?id=1228371"]
[Date "2013.10.29"]
[Round "-"]
[White "leandroviana88"]
[Black "Vladimir"]
[Result "1-0"]
[WhiteElo "1804"]
[BlackElo "1865"]

1. d4 d5 2. c4 dxc4 3. Nf3 e6 4. e3 Nf6 5. Bxc4 Bb4+ 6. Nc3 c5 7. a3 Bxc3+ 8.
bxc3 cxd4 9. cxd4 O-O 10. Bd3 Nc6 11. O-O h6 12. a4 a6 13. Ba3 Re8 14. Rc1 Qd5
15. Qc2 e5 16. Bc4 Qa5 17. Qb3 Qc7 18. dxe5 Nxe5 19. Nxe5 Rxe5 20. Rfd1 Ne8 21.
Qb4 Be6 22. Qf8+ Kh7 23. Bd3+ g6 24. Rxc7 1-0

[Event "Let's Play Chess!"]
[Site "http://www.queenalice.com/game.php?id=1229808"]
[Date "2013.11.4"]
[Round "-"]
[White "leandroviana88"]
[Black "igorjava"]
[Result "0-1"]
[WhiteElo "1802"]
[BlackElo "1895"]

1. d4 e6 2. c4 d5 3. Nc3 c6 4. Nf3 dxc4 5. a4 Bd7 6. e4 b5 7. axb5 cxb5 8. b3 b4
9. Na4 c3 10. d5 exd5 11. exd5 Nf6 12. Ne5 Bxa4 0-1